Experimental Biochemistry Manual: For M.B.B.S 2nd Year & B.D.S / (Record no. 595580)
[ view plain ]
| 000 -LEADER | |
|---|---|
| fixed length control field | 00400nam a22001337a 4500 |
| 082 ## - DEWEY DECIMAL CLASSIFICATION NUMBER | |
| Classification number | 610.727 |
| Author Mark | NAV |
| 100 ## - MAIN ENTRY--PERSONAL NAME | |
| Personal name | Naveed, Abdul Khaliq |
| 9 (RLIN) | 114171 |
| 245 ## - TITLE STATEMENT | |
| Title | Experimental Biochemistry Manual: For M.B.B.S 2nd Year & B.D.S / |
| Statement of responsibility, etc. | Abdul Khaliq Naveed |
| 250 ## - EDITION STATEMENT | |
| Edition statement | 5th Edition. |
| 260 ## - PUBLICATION, DISTRIBUTION, ETC. | |
| Place of publication, distribution, etc. | Rawalpindi : |
| Name of publisher, distributor, etc. | Prince Books, |
| Date of publication, distribution, etc. | 2019. |
| 300 ## - PHYSICAL DESCRIPTION | |
| Extent | 53 p. ; |
| Other physical details | ill, |
| Dimensions | 28 cm. |
| 563 ## - BINDING INFORMATION | |
| Binding note | PBK. |
| 942 ## - ADDED ENTRY ELEMENTS (KOHA) | |
| Source of classification or shelving scheme | |
| Koha item type | Book |
| Withdrawn status | Lost status | Source of classification or shelving scheme | Damaged status | Not for loan | Permanent Location | Current Location | Shelving location | Date acquired | Source of acquisition | Cost, normal purchase price | Full call number | Barcode | Date last seen | Copy number | Cost, replacement price | Price effective from | Koha item type |
|---|---|---|---|---|---|---|---|---|---|---|---|---|---|---|---|---|---|
| NUST School of Health Sciences (NSHS) | NUST School of Health Sciences (NSHS) | General Stacks | 08/17/2023 | Prince Books | 700.00 | 610.727 NAV | NSHS-1567 | 08/17/2023 | c.1 | 1400.00 | 08/17/2023 | Book | |||||
| NUST School of Health Sciences (NSHS) | NUST School of Health Sciences (NSHS) | General Stacks | 08/17/2023 | Prince Books | 700.00 | 610.727 NAV | NSHS-1568 | 08/17/2023 | c.2 | 1400.00 | 08/17/2023 | Book |
